000 00552nas a2200205 4500
001 BR9509423
003 BR-BrBNA
005 20231205094539.0
007 ta
008 230509b bl.|||p| |||| 00| 00por d
040 _aBR-BrBNA
_bpor
_cBiblioteca Nacional de Agricultura
041 _a(Pt)
072 _aF70; F01
100 1 _aDomingues, R.C.
245 1 _aChifre-de-veado
650 _aChifre de Veado
773 0 _tNatureza (Brazil)
_x
_g(1986), v. 8(86) p. 28-33
_wBR9509423
909 _a202311
_bLúcia
_c55
_dLúcia Elande
942 _2AGRIS
_n0
_cANA
999 _c145147
_d145147